Nigerian Capitals - Sudden Death - Statistics

General Stats
  • This quiz has been taken 19 times
  • The average score is 4 of 15
Answers on the Grid
Answers color-coded by a green-red scale on the quiz's grid according to % correct below.
Aba
Abeokuta
Abuja
Argungu
Asaba
Calabar
Enugu
Gasau
Hadejia
Ibadan
Ikeja
Ikot Ekpene
Ikwuano
Ilorin
Jos
Kaduna
Kano
Lagos
Mbiopong
Ogbomoso
Ojodu
Owerri
Port Harcourt
Sokoto
Umuahia
Uyo
Warri
 
Answer Stats
Answer % Correct
Abuja
63%
Enugu
63%
Abeokuta
50%
Ikeja
50%
Calabar
25%
Ibadan
25%
Ilorin
25%
Kano
13%
Owerri
13%
Port Harcourt
13%
Sokoto
13%
Umuahia
13%
Uyo
13%
Gasau
0%
Kaduna
0%
No matching quizzes found
Score Distribution
Percent of People with Each Score
Percentile by Number Answered
Your Score History
You have not taken this quiz